|
|
|
|
| LEADER |
02128nam a2200589 a 4500 |
| 001 |
nkc20132448869 |
| 003 |
CZ PrNK |
| 005 |
20160922110937.0 |
| 007 |
ta |
| 008 |
130327s2013 xr a g 000 1 cze |
| 015 |
|
|
|a cnb002448869
|
| 020 |
|
|
|a 978-80-7461-301-2
|q (váz.)
|
| 035 |
|
|
|a (OCoLC)857951726
|
| 040 |
|
|
|a OLA001
|b cze
|d ABA001
|
| 041 |
1 |
|
|a cze
|h fre
|
| 043 |
|
|
|a n-cn---
|a a-is---
|
| 045 |
|
|
|a y0y0
|
| 072 |
|
7 |
|a 913(5)
|x Geografie Asie, reálie, cestování
|2 Konspekt
|9 7
|
| 080 |
|
|
|a 72/76.071.1
|2 MRF
|
| 080 |
|
|
|a 910.4
|2 MRF
|
| 080 |
|
|
|a 316.728
|2 MRF
|
| 080 |
|
|
|a (71)
|2 MRF
|
| 080 |
|
|
|a (569.4)
|2 MRF
|
| 080 |
|
|
|a 908(569.44)
|2 MRF
|
| 080 |
|
|
|a (084.1)
|2 MRF
|
| 100 |
1 |
|
|a Delisle, Guy,
|d 1966-
|7 xx0089254
|4 aut
|4 ill
|
| 245 |
1 |
0 |
|a Jeruzalém :
|b rok v rozděleném světě /
|c Guy Delisle ; barvy Lucie Firoudová & Guy Delisle ; přeložila Eva Poskočilová
|
| 246 |
3 |
0 |
|a Rok v rozděleném světě
|
| 250 |
|
|
|a 1. vyd. v českém jazyce
|
| 260 |
|
|
|a Praha :
|b BB/art,
|c 2013
|
| 300 |
|
|
|a 333 s. :
|b vše il. (některé barev.) ;
|c 24 cm
|
| 500 |
|
|
|a Přeloženo z francouzštiny
|
| 600 |
1 |
7 |
|a Delisle, Guy,
|d 1966-
|7 xx0089254
|2 czenas
|
| 648 |
|
7 |
|a 20.-21. století
|7 ch462155
|2 czenas
|
| 648 |
|
7 |
|a 2009
|7 ch967352
|2 czenas
|
| 650 |
0 |
7 |
|a výtvarní umělci
|7 ph116709
|z Kanada
|y 20.-21. století
|2 czenas
|
| 650 |
0 |
7 |
|a cesty a pobyt
|7 ph137578
|z Izrael
|2 czenas
|
| 650 |
0 |
7 |
|a každodenní život
|7 ph121555
|z Izrael
|2 czenas
|
| 650 |
0 |
9 |
|a artists
|z Canada
|y 20th-21st centuries
|2 eczenas
|
| 650 |
0 |
9 |
|a voyages and travels
|z Israel
|2 eczenas
|
| 650 |
0 |
9 |
|a everyday life
|z Israel
|y 20th-21st centuries
|2 eczenas
|
| 651 |
|
7 |
|a Jeruzalém
|7 ge134245
|x reálie
|2 czenas
|
| 651 |
|
9 |
|a Jerusalem
|x history and geography
|2 eczenas
|
| 655 |
|
7 |
|a komiksy
|7 fd131978
|2 czenas
|
| 655 |
|
9 |
|a comics
|2 eczenas
|
| 700 |
1 |
|
|a Firoud, Lucie
|7 osa2013760531
|4 ill
|
| 765 |
0 |
|
|t Chroniques de Jérusalem
|9 Česky
|
| 910 |
2 |
|
|a BOA001
|b 2-1305.668
|
| 990 |
|
|
|a BK
|
| 995 |
|
|
|a 01
|
| 991 |
|
|
|b 201306
|e b
|
| 996 |
6 |
|
|b 2610550761
|c 2-1305.668
|l MZK
|r Sklad / do 1 hodiny
|n 10
|p p.v.
|w 001331561
|u 000010
|a 1
|e BOA001
|j MZK50
|s P
|